000 00320nam a2200121Ia 4500
008 220204s9999 xx 000 0 und d
082 _aNR:62:678.061
_bPEN
100 _aPendle, T D
245 0 _aNatural latex dipping technology
260 _aEngland
_bT D Pendle
_c1996
650 _aLatex dipping process
942 _cREF
999 _c41411
_d41411